000 00825cab a2200241 4500
001 X84401
008 090401t1997 xxu||||| |||| 00| 0 eng d
035 _a(Sirsi) u78792
041 _aeng
245 _aChapman v Barking and Dagenham LBC
260 _c1997
350 _a0
490 _aNew Property Cases
_v[1997] NPC 82
520 _aQBD 16 May 1997. A property owner which employs tree experts is held liable in nuisance for failing to inspect a branch on a tree, weakened by previous pruning higher up the tree, when the branch falls and injures a lawful passer by. Taken from headnote. NO PHOTOCOPYING ALLOWED.
650 _aDECAY
650 _aHIGHWAYS
650 _aINJURY
650 _aNEGLIGENCE
650 _aTREES
690 _aPROFESSIONAL PRACTICE-CASE LAW
942 _n0
948 _c06/06/1997
999 _c49533
_d49533